| 000 | 00838nam a2200217Ia 4500 | ||
|---|---|---|---|
| 999 |
_c39547 _d39547 |
||
| 001 | 6145 | ||
| 003 | GE_BSU | ||
| 005 | 20191122120058.0 | ||
| 008 | 181216s1986||||g |||||||||||||| ||ge || | ||
| 040 | _cGE_BSU | ||
| 041 | _ageo | ||
| 080 | _a821.353.1-1 გ-14 | ||
| 100 |
_aგაგუა, ხუტა _95513 |
||
| 245 |
_aმშობლიური ჰანგები : _bლექსები / _cხუტა გაგუა ; რედ. ნ. ხომერიკი. |
||
| 264 |
_aთბილისი : _bმერანი, _c1986. |
||
| 300 |
_a221 გვ. : _bფოტო გარეკანზე ; _c16 სმ. |
||
| 653 | _aლექსები | ||
| 653 | _aმშობლიური ჰანგები | ||
| 700 |
_aხომერიკი, ნ. _eრედაქტორი _91720 |
||
| 942 |
_cBK _2udc |
||